Row, row, row your boat

Bibliographic Details
Main Author: Moroney, Trace
Format: Book
Published: Australia : The Five Mile Press Pty. Ltd. , 2012
Subjects:

MARC

LEADER 00000cam a2200000 7i4500
001 0000189708
005 20150105.0
090 0 0 |a JF   |b MOR 
100 1 |a Moroney, Trace 
245 1 0 |a Row, row, row your boat   |c Trace Moroney 
260 |a Australia :   |b The Five Mile Press Pty. Ltd. ,   |c 2012 
300 |a p.v. :   |b cloth, ill. ;   |c 18cm. 
500 |a Play & Learn Library 
650 0 |a Children's stories 
999 |a 00302066   |b BUKU   |c JUNIOR REFERENCE   |e PERPUSTAKAAN KOMUNITI PETALING JAYA